formula one trivia - Statistics

General Stats
  • This quiz has been taken 97 times
  • The average score is 9 of 18
Answer Stats
Hint Answer % Correct
how many tire compounds are there 5
96%
what does drs stand for drag reduction system
93%
number of points for 6th place 8
80%
how many points did James shunt win the world championship by 1
79%
who has the nickname the flying finn Mika Häkkinen
76%
when did haas become an f1 team 2016
75%
who tragically passed away at the 2014 Japanese gp jules bianchi
75%
which circuit can you not reach 8th gear monaco
70%
how many wins does mario andretti have 6
64%
who won the 1970 world championship jochen rindt
45%
which driver won the world championship but only having 1 win that season keke rosberg
42%
who spun on the formation lap at the 2008 singapore gp piquet jr
32%
which driver had to wait 190 races for his first win sergio perez
32%
one and only Indonesian f1 driver rio haryanto
18%
wettest gp in history 2021 Belgium
15%
who is the only Hungarian f1 driver ZSOLT BAUMGARTNER
12%
who won the german gp in 1974 clay regazzoni
6%
who won the 1968 british gp Jo Siffert
2%
No matching quizzes found
Score Distribution
Percent of People with Each Score
Percentile by Number Answered
Your Score History
You have not taken this quiz